| 000 | 00000nas 2200000zi 4500 |
| 001 | 9.841488 |
| 003 | CaOODSP |
| 005 | 20251031153357 |
| 006 | m o d f |
| 007 | cr ||||||||||| |
| 008 | 170811c20169999qucar p o f0 b0fre|d |
| 022 | |a2819-1218|y2291-8000 |
| 040 | |aCaOODSP|bfre|erda|cCaOODSP |
| 043 | |an-cn--- |
| 086 | 1 |aBC9-5/6F-PDF|zBC9-5/2-2017 |
| 110 | 2 |aConseil de la radiodiffusion et des télécommunications canadiennes.|eauteur, |eorganisme de publication. |
| 222 | 0|aLoi sur la protection des renseignements personnels, rapport annuel du CRTC |
| 245 | 10|aLoi sur la protection des renseignements personnels, rapport annuel du CRTC. |
| 246 | 3 |aLoi sur la protection des renseignements personnels, rapport annuel du Conseil de la radiodiffurions et des télécommunications canadiennes |
| 264 | 1|aGatineau, Québec : |bConseil de la radiodiffusion et des télécommunications canadiennes = Canadian Radio-Television and Telecommunications Commission, |c2016- |
| 310 | |aAnnuel |
| 336 | |atexte|btxt|2rdacontent/fre |
| 337 | |ainformatique|bc|2rdamedia/fre |
| 338 | |aressource en ligne|bcr|2rdacarrier/fre |
| 362 | 1 |aParaît depuis 2015/2016. |
| 500 | |aPubl. aussi en anglais sous le titre : Privacy Act. CRTC annual report. |
| 610 | 26|aConseil de la radiodiffusion et des télécommunications canadiennes|vPériodiques. |
| 610 | 16|aCanada. |tLoi sur la protection des renseignements personnels|vPériodiques. |
| 650 | 6|aDroit à la vie privée|zCanada|vPériodiques. |
| 655 | 7|aPériodiques|2rvmgf |
| 775 | 08|tPrivacy Act, CRTC annual report.|w(CaOODSP)9.841486 |
| 780 | 00|tRapport annuel. |w(CaOODSP)9.841179 |